000 00490nam a2200145Ia 4500
041 _aArabic
082 _a90901 cut-449 ك
100 _a20260118u\\\\\\\\\\\y0engy0103\\\\ba
100 _aطارق محمد عبدالكريم الكردي
245 0 _aالمنهج الحضاري في كتابة التاريخ احمد امين نموذجا
250 _aط1
260 _bدار الزمان للطباعة والنشر
_aدمشق - سوريا
_c2012
300 _a246
942 _cBk
999 _c190265
_d190265